00511nam a2200145Ia 4500003000900000008004100009020002600050040001600076100002600092245005900118260003200177300002000209490003300229856010300262IN-BaIIA211028s9999 xx s 000 0 eng d a9780819431790 (Print) cIIA Library aTustison, Randal, ed. 0aWindow and Dome Technologies and Materials VIh[eBook] aWashington, USAbSPIEc1999 aOnline resource aProceedings of SPIE; V. 3705 uhttps://www.spiedigitallibrary.org/conference-proceedings-of-spie/3705yClick Here to Access eBook